Тиха вода (Запис № 419145)
[ простий вигляд ]
| 000 -LEADER | |
|---|---|
| fixed length control field | 00681nam a22002417a 4500 |
| 001 - CONTROL NUMBER | |
| control field | 130939 |
| 003 - CONTROL NUMBER IDENTIFIER | |
| control field | UA-OsUOA |
| 005 - DATE AND TIME OF LATEST TRANSACTION | |
| control field | 20201224223924.0 |
| 007 - PHYSICAL DESCRIPTION FIXED FIELD--GENERAL INFORMATION | |
| fixed length control field | ta |
| 008 - FIXED-LENGTH DATA ELEMENTS--GENERAL INFORMATION | |
| fixed length control field | 20180517b un ||||| |||| 00| 0 ukr d |
| 040 ## - CATALOGING SOURCE | |
| Original cataloging agency | UA-OsUOA |
| Language of cataloging | ukr |
| Transcribing agency | UA-OsUOA |
| Modifying agency | UA-OsUOA |
| 041 ## - LANGUAGE CODE | |
| Language code of text/sound track or separate title | ukr |
| 080 ## - UNIVERSAL DECIMAL CLASSIFICATION NUMBER | |
| Universal Decimal Classification number | 821.161.2 |
| 090 ## - LOCALLY ASSIGNED LC-TYPE CALL NUMBER (OCLC); LOCAL CALL NUMBER (OCLC) | |
| Classification number (OCLC) (R) ; Classification number, CALL (RLIN) (NR) | 821.161.2 |
| Local cutter number (OCLC) ; Book number/undivided call number, CALL (RLIN) | К56 |
| 100 ## - MAIN ENTRY--PERSONAL NAME | |
| Personal name | Коваленко Л. |
| 245 ## - TITLE STATEMENT | |
| Title | Тиха вода |
| Remainder of title | повість |
| 260 ## - PUBLICATION, DISTRIBUTION, ETC. (IMPRINT) | |
| Place of publication, distribution, etc | США |
| Name of publisher, distributor, etc | ОСУПЦ |
| Date of publication, distribution, etc | 1973 |
| 300 ## - PHYSICAL DESCRIPTION | |
| Extent | 292 с. |
| 650 #7 - SUBJECT ADDED ENTRY--TOPICAL TERM | |
| Topical term or geographic name as entry element | 82 Література. Літературознавство |
| Source of heading or term | UDC |
| 942 ## - ADDED ENTRY ELEMENTS (KOHA) | |
| Koha item type | Книги |
| Source of classification or shelving scheme | Universal Decimal Classification |
| 955 ## - COPY-LEVEL INFORMATION (RLIN) | |
| Classification number, CCAL (RLIN) | Літературно-художні видання |
| Withdrawn status | Lost status | Source of classification or shelving scheme | Damaged status | Not for loan | Collection code | Home library | Current library | Date acquired | Source of acquisition | Cost, normal purchase price | Inventory number | Total Checkouts | Full call number | Barcode | Date last seen | Price effective from | Koha item type |
|---|---|---|---|---|---|---|---|---|---|---|---|---|---|---|---|---|---|
| Universal Decimal Classification | Наукова бібліотека ІДУД | Наукова бібліотека ІДУД | 07/12/2015 | 327/2015 | 1.00 | 2138952 | 82-3 К56 | 2138952 | 15/09/2019 | 07/12/2015 | Книги | ||||||
| Withdrawn | Universal Decimal Classification | Колекція Полковського В. | ЧЗ - Читальна зала | ЧЗ - Читальна зала | 17/05/2018 | 20/2018 | 17.00 | 159000 | 821.161.2 К56 | 159000 | 13/07/2019 | 17/05/2018 | Книги |